| 000 | 01452nam a22002657a 4500 | ||
|---|---|---|---|
| 999 |
_c59046 _d59046 |
||
| 003 | Ge_BSU | ||
| 005 | 20221111110808.0 | ||
| 008 | 221111s2020ge xxu||||| |||| 00| 0 geo d | ||
| 020 | _a9789941964879 | ||
| 041 | _ageo | ||
| 080 | _a343.575(479.22) ნ-28 | ||
| 245 |
_aნარკოტიკული დანაშაული = Drug crimes / _cთამარ გეგელია, გიორგი დავითური, გურამ იმნაძე, გიორგი მახარაძე, ბაჩანა ჯიშკარიანი ; სამეცნიერო რედაქტორი ბაჩანა ჯიშკარიანი. |
||
| 264 |
_aთბილისი : _b იურისტების სამყარო, _c 2020. |
||
| 300 |
_a208 გვ. ; _b24 სმ. |
||
| 504 | _aბიბლიოგრაფია: გვ. 203-208. | ||
| 653 | _aნარკოტიკული დანაშაული საქართველოში | ||
| 653 | _aსამართალი | ||
| 700 |
_aგეგელია, თამარ _915769 |
||
| 700 |
_aდავითური, გიორგი _912148 |
||
| 700 |
_aიმნაძე, გურამ _915770 |
||
| 700 |
_aმახარაძე, გიორგი _915771 |
||
| 700 |
_a ჯიშკარიანი, ბაჩანა _915772 |
||
| 773 | _tნაჩუქარი | ||
| 942 |
_2udc _cBK |
||